Biggest Crude Oil Exporters to U.S. - Statistics

General Stats
  • This quiz has been taken 45 times
  • The average score is 7 of 10
Answer Stats
Country US Oil Imports (2021, in barrels) Share % Correct
Saudi Arabia 156 million 5.1%
95%
Canada 1,584 million 51.3%
92%
Iraq 57 million 1.9%
90%
Russia 254 million 7.9%
85%
Mexico 259 million 8.4%
82%
Brazil 52 million 1.7%
72%
Colombia 74 million 2.4%
72%
Ecuador 61 million 2.0%
38%
Netherlands 46 million 1.5%
18%
South Korea 48 million 1.6%
10%
No matching quizzes found
Score Distribution
Percent of People with Each Score
Percentile by Number Answered
Your Score History
You have not taken this quiz